Pokémon: Cinquième Génération - Statistiques

Statistiques générales
  • Ce quiz a été pris 12 fois
  • Le résultat moyen est 125 sur 156
Statistiques - réponses
Types Catégories Pokémons Numéros % Correct
Vol Tornade Boréas 0641
100%
Normal Chinchilla Chinchidou 0572
100%
PsyVol Chovsouris Chovsourir 0527
100%
Eau Dignitaire Clamiral 0503
100%
AcierCombat Cœur de Fer Cobaltium 0638
100%
SolTénèbres Intimidation Crocorible 0553
100%
Feu Enflammé Darumacho 0555
100%
Feu Daruma Darumarond 0554
100%
NormalVol Fier Déflaisan 0521
100%
SolVol Fertilité Démétéros 0645
100%
SolTénèbres Croco Sable Escroco 0552
100%
Plante Singe Herbe Feuillajou 0511
100%
Plante Singépine Feuiloutan 0512
100%
Feu Brûlant Flamajou 0513
100%
Feu Braise Flamoutan 0514
100%
Eau Jet d'Eau Flotajou 0515
100%
Eau Drainage Flotoutan 0516
100%
ÉlectrikVol Foudroyeur Fulguris 0642
100%
Roche Surpression Gigalithe 0526
100%
SolSpectre Golem Ancien Golemastoc 0623
100%
FeuCombat Cochon Feu Grotichon 0499
100%
Feu Cochon Feu Gruikui 0498
100%
Combat Judo Judokrak 0538
100%
Combat Karaté Karaclée 0539
100%
Plante Serpenterbe Lianaja 0496
100%
Plante Majestueux Majaspic 0497
100%
Normal Magnanime Mastouffe 0508
100%
Eau Entraînement Mateloutre 0502
100%
Poison Sac Poubelle Miamiasme 0568
100%
Poison Dépotoir Miasmax 0569
100%
SolAcier Souterrain Minotaupe 0530
100%
Eau Loutre Moustillon 0501
100%
Psy Mangerêve Munna 0517
100%
InsecteÉlectrik Aracletrik Mygavolt 0596
100%
Roche Manteau Nodulithe 0524
100%
Psy Cellule Nucléos 0577
100%
NormalVol Tipigeon Poichigeon 0519
100%
Normal Chien Fidèle Ponchien 0507
100%
Normal Chiot Ponchiot 0506
100%
DragonFeu Blanc Réel Reshiram 0643
100%
FeuCombat Grochon Feu Roitiflam 0500
100%
Sol Taupe Rototaupe 0529
100%
RocheCombat Grotte Terrakium 0639
100%
Spectre Âme Tutafeh 0562
100%
Spectre Cercueil Tutankafer 0563
100%
InsectePoison Chilopode Venipatte 0543
100%
PsyFeu Victoire Victini 0494
100%
Plante Serpenterbe Vipélierre 0495
100%
PlanteCombat Plaine Verte Viridium 0640
100%
DragonÉlectrik Noir Idéal Zekrom 0644
100%
Ténèbres Sombrenard Zorua 0570
100%
TénèbresCombat Gang Baggaïd 0560
86%
TénèbresCombat Mue Baggiguane 0559
86%
EauRoche Tortantique Carapagos 0564
86%
Acier Engrenage Clic 0600
86%
NormalVol Sauvapigeon Colombeau 0520
86%
EauVol Oiseaudo Couaneton 0580
86%
InsectePlante Capefeuille Couverdure 0541
86%
EauSol Vibration Crapustule 0537
86%
SpectreFeu Chandelle Funécire 0607
86%
PlantePoison Champignon Gaulet 0591
86%
PlanteAcier Graine Épine Grindur 0597
86%
EauCombat Poulain Keldeo 0647
86%
DragonGlace Frontière Kyurem 0646
86%
EauVol Cygne Lakmécygne 0581
86%
Psy Cerveau Lewsor 0605
86%
SpectreFeu Invitation Lugulabre 0609
86%
Plante Cactus Maracachi 0556
86%
SolTénèbres Croco Sable Mascaïman 0551
86%
Psy Divisé Meios 0578
86%
NormalPsy Mélodie Meloetta 0648
86%
Normal Vigilant Miradar 0505
86%
Psy Rêveur Mushana 0518
86%
PlanteAcier Boule Épine Noacier 0598
86%
Combat Costaud Ouvrifier 0533
86%
Normal Écharpe Pashmilla 0573
86%
InsecteFeu Soleil Pyrax 0637
86%
Normal Espion Ratentif 0504
86%
PsyVol Cupidon Rhinolove 0528
86%
InsectePoison Coconplopode Scobolide 0544
86%
Glace Poudreuse Sorbébé 0582
86%
Glace Congère Sorbouboul 0584
86%
Glace Grêle Sorboul 0583
86%
InsecteÉlectrik Crampon Statitik 0595
86%
Psy Multiplié Symbios 0579
86%
Acier Engrenage Tic 0599
86%
Dragon Hachomenton Tranchodon 0612
86%
TénèbresDragon Brutal Trioxhydre 0635
86%
PlantePoison Champignon Trompignon 0590
86%
Ténèbres Polymorfox Zoroark 0571
86%
RocheVol Oisancien Aéroptéryx 0567
71%
Feu Tamanoir Aflamanoir 0631
71%
Électrik Électrophore Anchwatt 0602
71%
EauSol Vibration Batracné 0536
71%
Combat Costaud Bétochef 0534
71%
Ténèbres Scélérat Chacripan 0509
71%
Combat Costaud Charpenti 0532
71%
Acier Engrenage Cliticlic 0601
71%
Dragon Crocs Coupenotte 0610
71%
InsecteRoche Lapidicole Crabaraque 0558
71%
TénèbresDragon Violent Diamat 0634
71%
Dragon Caverne Drakkarmin 0621
71%
ÉlectrikVol Pteromys Emolga 0587
71%
InsecteAcier Fourmi Dure Fermite 0632
71%
Plante Chef-Fleur Fragilady 0549
71%
InsecteAcier Paléozoïque Genesect 0649
71%
Roche Minerai Géolithe 0525
71%
NormalVol Vaillant Gueriaigle 0628
71%
Électrik Électrophore Lampéroie 0603
71%
InsecteAcier Chevalier Lançargot 0589
71%
InsectePlante Couture Larveyette 0540
71%
Ténèbres Implacable Léopardus 0510
71%
InsectePlante Précepteur Manternel 0542
71%
EauRoche Tortantique Mégapagos 0565
71%
EauSpectre Flottaison Moyade 0593
71%
Normal Audition Nanméouïe 0531
71%
Psy Cerveau Neitram 0606
71%
Électrik Électrophore Ohmassacre 0604
71%
InsecteFeu Torche Pyronille 0636
71%
TénèbresDragon Rude Solochi 0633
71%
Électrik Étincélec Zébibron 0522
71%
Électrik Foudrélec Zéblitz 0523
71%
RocheVol Oisancien Arkéapti 0566
57%
Eau Violent Bargantua 0550
57%
InsectePoison Mégaplopode Brutapode 0545
57%
Insecte Carabe Carabing 0588
57%
InsecteRoche Lithicole Crabicoque 0557
57%
PsyVol Similoiseau Cryptéro 0561
57%
PlanteFée Boule Coton Doudouvet 0546
57%
Insecte Escargot Escargaume 0616
57%
PlanteFée Vole Vent Farfaduvet 0547
57%
Normal Coup d'Bœuf Frison 0626
57%
NormalVol Aiglon Furaiglon 0627
57%
SolSpectre Golem Ancien Gringolem 0622
57%
NormalPlante Saison Haydaim 0586
57%
Glace Cristal Hexagel 0615
57%
Dragon Hachomenton Incisache 0611
57%
Insecte Exuviateur Limaspeed 0617
57%
SolÉlectrik Piège Limonde 0618
57%
Eau Soigneur Mamanbo 0594
57%
Psy Magouilleur Mesmérella 0575
57%
Psy Cosmique Sidérella 0576
57%
Eau Têtard Tritonde 0535
57%
TénèbresVol Vostour Vaututrice 0630
57%
EauSpectre Flottaison Viskuse 0592
57%
NormalPlante Saison Vivaldaim 0585
57%
TénèbresVol Couche Vostourno 0629
57%
Plante Racine Chlorobule 0548
43%
Combat Art Martial Kungfouine 0619
43%
Glace Congelé Polagriffe 0614
43%
Glace Gelé Polarhume 0613
43%
TénèbresAcier Coupant Scalpion 0624
43%
TénèbresAcier Tranchant Scalproie 0625
43%
Psy Dévisageur Scrutella 0574
43%
SpectreFeu Lampe Mélancolux 0608
29%
Combat Art Martial Shaofouine 0620
29%
Aucun quiz correspondant
Distribution des résultats
% des personnes avec chaque résultat
Percentile par nombre de réponses
Votre historique - résultats
Vous n’avez pas pris ce quiz